| 000 | 00000nam 2200000zi 4500 |
| 001 | 9.893079 |
| 003 | CaOODSP |
| 005 | 20230503143831 |
| 006 | m o d f |
| 007 | cr |n||||||||| |
| 008 | 201030e19961107onc|||| o f00| 0|eng d |
| 040 | |aCaOODSP|beng|erda|cCaOODSP |
| 043 | |an-cn--- |
| 086 | 1 |aIu64-201/1996E-PDF |
| 245 | 00|aCall for applications to develop and operate Direct Broadcast Satellite (DBS) facilities in the 91° west longitude orbital position to serve Canadian broadcasting needs. |
| 264 | 1|a[Ottawa] : |bIndustry Canada = Industrie Canada, |cNovember 7, 1996. |
| 300 | |a1 online resource (1 volume (various pagings)) |
| 336 | |atext|btxt|2rdacontent |
| 337 | |acomputer|bc|2rdamedia |
| 338 | |aonline resource|bcr|2rdacarrier |
| 500 | |aDigitized edition from print [produced by Innovation, Science and Economic Development Canada]. |
| 500 | |aIssued also in French under title: Demandes pour mettre au point et exploiter des systèmes de radiodiffusion directe par satellite (SRS) sur la position obitale 91° de longitude ouest pour répondre aux besoins canadiens en matière de radiodiffusion. |
| 650 | 0|aDirect broadcast satellite television|zCanada. |
| 710 | 1 |aCanada. |bIndustry Canada, |eissuing body. |
| 775 | 08|tDemandes pour mettre au point et exploiter des systèmes de radiodiffusion directe par satellite (SRS) sur la position obitale 91° de longitude ouest pour répondre aux besoins canadiens en matière de radiodiffusion.|w(CaOODSP)9.922233 |
| 856 | 40|qPDF|s418 KB|uhttps://publications.gc.ca/collections/collection_2023/isde-ised/iu64/Iu64-201-1996-eng.pdf |